| 000 | 00512 a2200205 4500 | ||
|---|---|---|---|
| 001 | 131646 | ||
| 020 | _a85-08-01762-6 | ||
| 040 | _cLeonardo Da Vinci | ||
| 041 | _aPortuguês | ||
| 082 |
_aJ L696pa _bL696pa |
||
| 100 | _aLIMA, Aristides Fraga | ||
| 245 | _aOs pequenos jangadeiros | ||
| 250 | _a9.ed | ||
| 260 |
_bÁtica _c1993 _aSão Paulo |
||
| 300 | _a94 | ||
| 362 | _a19930000 | ||
| 490 | _aVaga-lume | ||
| 697 |
_aLiteratura juvenil _aLiteratura infanto-juvenil _aSuspense _aAventura |
||
| 942 | _cBK | ||
| 999 |
_c131646 _d131646 |
||